CSGO Country by Players Quiz - Statistics

General Stats
  • This quiz has been taken 277 times
  • The average score is 23 of 26
Answer Stats
Players Country % Correct
Stewie2K, EliGE, Tarik USA
99%
kennyS, Zywoo, AmaNEk France
98%
s1mple, B1T, sdy Ukraine
98%
REZ, GeT_RiGhT, olofmeister Sweden
97%
coldzera, TACO, arT Brazil
96%
device, cadiaN, Magisk Denmark
96%
Twistzz, NAF, stanislaw Canada
95%
Jame, Electronic, Perfecto Russia
95%
Aleksib, allu, zehN Finland
94%
snax, pashaBiceps, MICHU Poland
93%
tabseN, tiziaN, syrsoN Germany
91%
jks, dexter, AZR Australia
89%
woxic, XANTARES, Calyx Turkey
89%
smooya, ALEX, mezii United Kingdom
89%
YEKINDAR, Broky, Flarich Latvia
87%
rain, jkaem, cromen Norway
87%
flameZ, Spinx, anarkez Israel
86%
buster, Qikert, Hobbit Kazakhstan
83%
GuardiaN, frozen, STYKO Slovakia
79%
somebody, Summer, Attacker China
78%
poiz0n, CeRq, bubble Bulgaria
76%
nexa, emi, Impulse Serbia
75%
oskar, ZEDKO, NEOFRAG Czech Republic
71%
chrisJ, bishop, Kwak Netherlands
71%
Sonic, JT, Detrony South Africa
70%
Bymas, EspiranTo, nukkye Lithuania
67%
No matching quizzes found
Score Distribution
Percent of People with Each Score
Percentile by Number Answered
Your Score History
You have not taken this quiz